[Event "IND-ch U15 Girls 38th"]
[Site "New Delhi"]
[Date "2022.12.01"]
[Round "5"]
[White "Singh, Myra"]
[Black "Shybi, Binoj"]
[Result "0-1"]
[WhiteElo "1338"]
[BlackElo "1498"]
[PlyCount "82"]
[EventDate "2022.11.28"]
[EventType "swiss"]
[EventRounds "11"]
[EventCountry "IND"]
[SourceTitle "CBM 211 Extra"]
[Source "ChessBase"]
[SourceDate "2023.01.31"]
[SourceVersion "1"]
[SourceVersionDate "2023.01.31"]
[SourceQuality "1"]

1. e4 e5 2. Nf3 Nc6 3. Bc4 Bc5 4. d3 h6 5. h3 d6 6. c3 Bb6 7. Nbd2 Nf6 8. 0-0 0-0 9. a4 a5 10. b3 Re8 11. Re1 d5 12. exd5 Nxd5 13. Bb2 Nf4 14. Nf1 Bf5 15. d4 e4 16. Ng3 exf3 17. Rxe8+ Qxe8 18. Nxf5 Qd7 19. Bd3 Ne5 20. Be4 Rd8 21. Ne3 Nxh3+ 22. Kf1 Ng5 23. dxe5 Nxe4 24. Qc2 Nd2+ 25. Ke1 Bxe3 26. fxe3 fxg2 27. Kf2 Qg4 28. Kg1 Nf3+ 29. Kf2 Rd2+ 30. Qxd2 Nxd2 31. Rg1 Qf3+ 32. Ke1 Qf1+ 33. Rxf1 gxf1Q+ 34. Kxd2 h5 35. Kc2 h4 36. Ba3 h3 37. Kb2 h2 38. Ka2 h1Q 39. Bb2 Qb1+ 40. Ka3 Qg2 41. b4 Qgxb2# 0-1